| 000 | 00340 a2200133 4500 | ||
|---|---|---|---|
| 999 |
_c321238 _d321238 |
||
| 001 | 86165 | ||
| 003 | NUST | ||
| 005 | 20180122091331.0 | ||
| 008 | 180122b xxu||||| |||| 00| 0 eng d | ||
| 020 | _a9781848872790 | ||
| 082 | _a973.932092 MAR | ||
| 100 |
_aDavid Maraniss _99412 |
||
| 245 | _aBarack Obama : the making of the man | ||
| 260 |
_aLondon _bAtlantic Books _c2012 |
||
| 300 | _axxiii, 643 p. | ||
| 942 |
_aCAE nust _cBK _k973.932092 MAR _2ddc |
||